000 00431nam a22001817a 4500
003 MPLRDC
005 20220104143131.0
008 210129b ||||| |||| 00| 0 eng d
020 _a7-5036-0806-4
082 _a782.886 ZX-3
100 _a王学仁
245 _a周璇遗产风波
_c
250 _a一版一刷
260 _a
_b法律出版社
_c1990
300 _b
650 _a周璇传记
942 _cBK
_o782.886 ZX-3
999 _c36943
_d36933